The American historical novel

保存先:
書誌詳細
第一著者: E E Leisy
フォーマット: 図書
言語:Undetermined
出版事項: Norman Univ. of Oklahoma 1950
主題:
タグ: タグ追加
タグなし, このレコードへの初めてのタグを付けませんか!
Thư viện lưu trữ: Trung tâm Học liệu Trường Đại học Cần Thơ
LEADER 00463nam a2200169Ia 4500
001 CTU_13640
008 210402s9999 xx 000 0 und d
082 |a 809.3081 
082 |b L352 
100 |a E E Leisy 
245 4 |a The American historical novel 
245 0 |c E E Leisy 
260 |a Norman 
260 |b Univ. of Oklahoma 
260 |c 1950 
650 |a american fiction - history and criticism 
980 |a Trung tâm Học liệu Trường Đại học Cần Thơ